Koncepčný návrh revitalizácie Parku Ostredky
Salvato in:
| Autore principale: | |
|---|---|
| Altri autori: | |
| Natura: | Manoscritto Libro |
| Lingua: | slovacco |
| Pubblicazione: |
2025
|
| Soggetti: | |
| Accesso online: | http://is.stuba.sk/zp/portal_zp.pl?podrobnosti=174603 CRZP |
| Tags: |
Nessun Tag, puoi essere il primo ad aggiungerne!!
|
MARC
| LEADER | 00000ntm a22000003a 4500 | ||
|---|---|---|---|
| 001 | stuzp105416 | ||
| 003 | SK-STU | ||
| 005 | 20250729142629.0 | ||
| 007 | ta | ||
| 008 | 150427s2015----xo-----f-mn---000-0-slo-d | ||
| 040 | |a STU |b slo | ||
| 041 | 0 | |a slo | |
| 100 | 1 | |a Musina, Azaliia |u 010160 |4 aut |U SvF Stavebná fakulta |T SvF Katedra vodného hospodárstva krajiny |X 120138 |U V160 |Y 16 |7 120138 | |
| 242 | 0 | 1 | |a Conceptual proposal for the revitalization of Ostredky Park |y eng |
| 245 | 1 | 0 | |a Koncepčný návrh revitalizácie Parku Ostredky |
| 260 | |c 2025 | ||
| 650 | 4 | |a revitalizácia mestskej zelene |2 slo | |
| 650 | 4 | |a verejný priestor |2 slo | |
| 650 | 4 | |a multifunkčný park |2 slo | |
| 650 | 4 | |a krajinná architektúra |2 slo | |
| 650 | 4 | |a udržateľný rozvoj |2 slo | |
| 650 | 4 | |a ekologické plánovanie |2 slo | |
| 650 | 4 | |a mikroklíma |2 slo | |
| 650 | 4 | |a zelená infraštruktúra |2 slo | |
| 650 | 4 | |a modelácia terénu |2 slo | |
| 650 | 4 | |a urban revitalization |2 eng | |
| 650 | 4 | |a multifunctional park |2 eng | |
| 650 | 4 | |a ecological planning |2 eng | |
| 650 | 4 | |a microclimate improvement |2 eng | |
| 650 | 4 | |a green infrastructure |2 eng | |
| 650 | 4 | |a terrain modeling |2 eng | |
| 650 | 4 | |a water features |2 eng | |
| 650 | 4 | |a landscape architecture |2 eng | |
| 700 | 1 | |a Kubáňová, Martina |u 010160 |k Z1 |4 ths |U SvF Stavebná fakulta |T SvF Katedra vodného hospodárstva krajiny |X 68887 |U V160 |Y 16 |7 A000068887 | |
| 856 | 4 | |u http://is.stuba.sk/zp/portal_zp.pl?podrobnosti=174603 | |
| 856 | 4 | |u https://opac.crzp.sk/?fn=detailBiblioForm&sid=C9A1C75A261DD259FA80401E26A3 |z CRZP | |